000 00431nam a2200145Ia 4500
008 231129s1986||||xx |||||||||||||| ||spa||
020 _a92-9039-074-3
040 _bspa
082 _a634 L435m
100 _aLeal Pinto Freddy
245 0 _aManual de practicas de fruticultura
260 _c1986
264 _aInstituto Interamericano de Cooperación para la Agricultura
942 _2ddc
_cBKS
999 _c20425
_d20425